Statystyki dla Najwieksze miasta Polski pod względem ludnosci

Kliknij tutaj aby rozwiązać quiz!

Ogólne statystyki

  • Ten quiz został rozwiązany 47 razy
  • Średni wynik to 13 z 15

Statystyki odpowiedzi

LudnośćMiasto% Poprawnych
1,79mlnWarszawa
100%
780 tysKraków
98%
470 tysGdańsk
95%
530 tysPoznań
95%
642 tysWrocław
95%
679 tysŁódź
93%
396 tysSzczecin
93%
296 tysBiałystok
88%
244 tysGdynia
88%
341 tysBydgoszcz
85%
289 tysKatowice
85%
198 tysRzeszów
80%
337 tysLublin
76%
215 tysCzęstochowa
68%
208 tysRadom
63%

Rozkład punktacji

Percentyl według liczby udzielonych odpowiedzi

Procent ludzi z każdym wynikiem

Twoja historia wyników

Nie rozwiązałeś tego quizu